000 01199nam0a2200313 4500
001 RU\NLR\ONL2\25591
005 20260409001308.0
035 _a(NLR Aleph) 010212546
090 _a13646705
_c13646705
100 _a20121121d1956 u y0rusy50 ca
101 0 _aaze
102 _aAZ
105 _ay |||||||||
200 1 _aИмла мә'ҹмуәси
_eV-VIII синиф учун методик вэсаит
_fӘ. Р. Әфәндизадә
210 _aБакы
_cАзэрнэшр
_d1956
215 _a108 с.
_d20
541 1 _6z01790
_aСборник диктантов
_eметод. пособие для учителей V-VIII классов
_zrus
606 0 _aАзербайджанский язык
_xПреподавание
_xСредняя школа
_92175956
_3RU\NLR\auth-onl\66323
686 1 _aЧ426.151
700 1 _aӘфәндизадә
_bӘ. Р.
_gӘзиз Рәҹәб оғлу
_4070
790 1 _6z01541
_aЭфендизаде
_bА. Р .
_gАзиз Раджаб оглы
_4070
801 0 _aRU
_bNLR
_c20130320
_gPSBO
852 _aNLR
_jАзерб./2-8214
852 _aNLR
_bОНЛ
942 _cBOOK
980 _aONL_RF
980 _aNB